Dibujo y proyecto (Registro nro. 21590)

Detalles MARC
000 -Cabecera
Campo de control interno 00474nam a22002057a 4500
005 - Fecha y hora del registro
control field 20260319111813.0
008 - Elementos de Longitud Fija
fixed length control field 260319b |||||||| |||| 00| 0 spa d
041 ## - Idioma
Codigo Idioma ESP
082 ## - DEWEY y NOTACIÓN INTERNA
Dewey 720.284
Notación Interna CH554D
100 ## - AUTOR
Autor denominación Ching, Francis D. K.
Término de relación autor
245 ## - TÍTULO DE MATERIAL BIBLIOGRÁFICO
Título Dibujo y proyecto
260 ## - CIUDAD, EDITORIAL, AÑO
Ciudad :
Nombre de la Editorial ,
Año 2018
300 ## - DESCRIPCIÓN
N° Páginas viii, 407 páginas :
Otros detalles ;
Dimensiones 30 cm.
440 ## - MENCIÓN DE SERIE
Título de la Serie ;
650 ## - TEMAS
Temas Artes Decorativas
654 ## - PROGRAMAS
Programa Dpto. Arquitectura y Urbanismo
700 ## - OTROS AUTORES
Otros autores ;
942 ## - ELEMENTOS DE KOHA
Tipo de documento Libro
Nombre del creador Justo Noguera
Código de catalogador Justo Noguera
Esquema de clasificación Dewey Decimal Classification
Existencias
Codigo completo Registro Colección Copia número Disponibilidad Tipo de préstamo Biblioteca Actual Procedencia (Biblioteca) Ubicacón Fecha Ingreso Tipo de Adquisición Date last seen Total checkouts Date last checked out Price effective from Tipo de Item Estado del Material Fuente de Clasificación Damaged status Withdrawn status
720.284 CH554D 1072302 Universidad Católica San Pablo 1 Disponible Disponible Víctor Andrés Belaunde Víctor Andrés Belaunde Segundo piso 19/03/2026 Compra 26/03/2026 2 25/03/2026 19/03/2026 Libro Bueno Dewey Decimal Classification    
720.284 CH554D 1069335 Universidad Católica San Pablo 2 Disponible Disponible Víctor Andrés Belaunde Víctor Andrés Belaunde Segundo piso 23/03/2026 Compra 23/03/2026 1 23/03/2026 23/03/2026 Libro Bueno Dewey Decimal Classification